| 000 | 00715nam a2200217 4500 | ||
|---|---|---|---|
| 001 | 121830 | ||
| 003 | ES-MaACL | ||
| 007 | t| | ||
| 008 | 070214s1925 sp r ||||1| cat d | ||
| 100 | 1 |
_aPlinio Segundo, Cayo _992659 |
|
| 245 | 1 | 0 |
_aHistoria natural / _cPlini el Vell ; text i traducció de Marçal Olivar. |
| 260 |
_aBarcelona : _bFundació Bernat Metge, _c1925. |
||
| 300 |
_aXXIX, 183 p, ; _c22 cm. |
||
| 490 | 1 | _aEscriptors llatins (Fundació Bernat Metge | |
| 500 | _aEs el v. I. | ||
| 700 | 1 |
_aOlivar, Marçal. _986758 |
|
| 710 | 2 |
_aFundació Bernat Metge. _94201 |
|
| 830 | 0 |
_aEscriptors llatins (Fundació Bernat Metge _9186525 |
|
| 852 |
_aES-MaACL _jE-3533 |
||
| 999 |
_c121830 _d121830 |
||